|
|
|
|
| LEADER |
00000nab a2200000ua 4500 |
| 001 |
vtls010796239 |
| 003 |
SK-MaSNL |
| 005 |
20260303214211.0 |
| 008 |
230222s1975 xo |||||||||||||||||eng| |
| 035 |
|
|
|a (urnnbn)urn:nbn:sk:snk:ar-a02a63
|
| 035 |
|
|
|a (uuid)19b6d94a-6815-4aeb-8647-73033bf7b1d2
|
| 035 |
|
|
|a urn:nbn:sk:snk-ab4iw0
|
| 040 |
|
|
|a SNKBUCL
|b slo
|c SNKBUCL
|e AACR2
|
| 041 |
0 |
|
|a eng
|
| 044 |
|
|
|a xo
|c SK
|
| 100 |
1 |
|
|a Lvov, D. K.
|4 aut
|9 922492
|
| 245 |
1 |
0 |
|a USE OF DUCK EMBRYO CELL CULTURES FOR THE STUDY OF ARBOVIRUS REPRODUCTION
|c D. K. Lvov, D. S. Levina, L. A. Monastyreva, L. S. Ratushkina, O. V. Veselovskaya, P. G. Deryabin, S. A. Demidova, S. M. Borisova, V. A. Zakaryan, V. I. Gavrilov
|
| 700 |
1 |
|
|a Levina, D. S.
|4 aut
|9 1248936
|
| 700 |
1 |
|
|a Monastyreva, L. A.
|4 aut
|9 1248937
|
| 700 |
1 |
|
|a Ratushkina, L. S.
|4 aut
|9 1248938
|
| 700 |
1 |
|
|a Veselovskaya, O. V.
|4 aut
|9 1248939
|
| 700 |
1 |
|
|a Deryabin, P. G.
|4 aut
|9 1209634
|
| 700 |
1 |
|
|a Demidova, S. A.
|4 aut
|9 1000954
|
| 700 |
1 |
|
|a Borisova, S. M.
|4 aut
|9 1248940
|
| 700 |
1 |
|
|a Zakaryan, V. A.
|4 aut
|9 1207562
|
| 700 |
1 |
|
|a Gavrilov, V. I.
|4 aut
|9 1248941
|
| 773 |
0 |
|
|t Acta virologica
|g Roč. 19, č. 5 (1975), s. 432-434
|
| 958 |
|
|
|a OND
|
| 958 |
|
|
|a EUIPO
|
| 958 |
|
|
|a article3
|
| 999 |
|
|
|c 2215864
|d 2217794
|